| 000 | 00350nam a2200145Ia 4500 | ||
|---|---|---|---|
| 008 | 230917s9999||||xx |||||||||||||| ||und|| | ||
| 040 |
_e152521 _aMAIN |
||
| 041 | _aEnglish | ||
| 082 | _a294.12 S23R | ||
| 100 | _aSharma, Shreeram | ||
| 245 | 0 | _aRigveda, V4 | |
| 260 |
_aUttar Pardesh _bSanskrit Sansthan _c1965 |
||
| 300 | _a1900 p. | ||
| 942 | _cBK | ||
| 999 |
_c224153 _d224153 |
||